000 00505nam a22001817a 4500
999 _c503
_d503
003 OSt
005 20230520151611.0
008 151217b xxu||||| |||| 00| 0 eng d
020 _a9789382669487
040 _cLIC
082 _22013
_aDC 658.1599
_bIn61
245 _aInternational finance management/
260 _aUAE:
_b3G Elearning FZ LLC,
_cc2013.
300 _avi, 184 pages;
_c29 cm.
650 0 _91292
_aInternational finance
650 0 _91293
_aMultinational corporations
_xfinance
942 _2ddc
_cDC